Rango... or Django? - Statistics

General Stats
  • This quiz has been taken 104 times
  • The average score is 7 of 15
Answer Stats
Question Answer % Correct
Starring Johnny Depp Rango
85%
Is considered a Western movie Both
76%
Features a German side character Django
76%
Features the quote "No man can walk out of his own story" Rango
68%
Takes place in the Deep South Django
65%
Starring Will Smith Neither
65%
Main character is held in captivity in the beginning of the movie Both
59%
Titular character has a song sung about them Both
53%
The story takes place during the American Civil War Neither
50%
Is based on a book Neither
44%
Won an Academy Award Both
38%
Main villain dies in the movie Django
24%
Drew controversy for its violence Both
18%
The movie's director makes an appearance Both
12%
Had a budget of over $125 million Rango
9%
No matching quizzes found
Score Distribution
Percent of People with Each Score
Percentile by Number Answered
Your Score History
You have not taken this quiz